000
00326nam a2200133Ia 4500
008
240624s9999 xx 000 0 und d
041
_a
eng
082
_a
332.1 IND
100
_a
IIBF
245
_a
GENERAL BANK MANAGEMENT
260
_c
2005
_a
New Delhi
_b
Macmillan India
300
_a
x, : 740 : p. : cm. ; 23
365
_c
RS
_b
35
999
_c
5740
_d
5740